Structure and dynamics of the galactic system report (Record no. 7465)

MARC details
000 -LEADER
fixed length control field 00593nam a2200181Ia 4500
003 - CONTROL NUMBER IDENTIFIER
control field IN-BaIIA
008 - FIXED-LENGTH DATA ELEMENTS--GENERAL INFORMATION
fixed length control field 211028s9999 xx 000 0 eng d
040 ## - CATALOGING SOURCE
Transcribing agency IIA Library
080 ## - UNIVERSAL DECIMAL CLASSIFICATION NUMBER
Universal Decimal Classification number 524.7
Item number CON
100 ## - MAIN ENTRY--PERSONAL NAME
Personal name Contopoulos, G.
9 (RLIN) 9668
245 #0 - TITLE STATEMENT
Title Structure and dynamics of the galactic system report
Statement of responsibility, etc. G. Contopoulos
260 ## - PUBLICATION, DISTRIBUTION, ETC.
Place of publication, distribution, etc. Thessaloniki
Name of publisher, distributor, etc. University of Thessaloniki 
Date of publication, distribution, etc. 1970
300 ## - PHYSICAL DESCRIPTION
Extent 117p.
500 ## - GENERAL NOTE
General note Donated by Mrs. Bappu
650 ## - SUBJECT ADDED ENTRY--TOPICAL TERM
Topical term or geographic name entry element Astronomy and Astrophysics Thesaurus
650 ## - SUBJECT ADDED ENTRY--TOPICAL TERM
Topical term or geographic name entry element Extragalactic System
9 (RLIN) 5594
942 ## - ADDED ENTRY ELEMENTS (KOHA)
Koha item type Books
Holdings
Withdrawn status Lost status Damaged status Not for loan Home library Current library Shelving location Date acquired Total Checkouts Full call number Barcode Date last seen Price effective from Koha item type
        IIA Library-Bangalore IIA Library-Bangalore General Stacks 11/07/1983   524.7/ CON 8277 05/11/2021 11/07/1983 Books

Powered by Koha